|
|
|
|
| LEADER |
00000nam a2200000Ia 4500 |
| 008 |
180219b2010 cr ||||| |||| 00| | spa d |
| 999 |
|
|
|c 1505
|d 1505
|
| 090 |
|
|
|a 06.02.01
|b 2001
|
| 100 |
1 |
|
|a Arley Fonseca, Mauricio
|9 3344
|
| 245 |
1 |
0 |
|a Plan de los 200 días lectivos del Ministerio de Educación Pública de Costa Rica: relaciones del contexto con el contexto sociocultural y con el género literario /
|c Mauricio Arley Fonseca, compilador
|
| 260 |
|
|
|a San José, Costa Rica :
|b INIE. MEP. Instituto de Desarrollo profesional Uladislao Gámez Solano,
|c 2010
|
| 300 |
|
|
|a 150 páginas
|
| 650 |
1 |
4 |
|a CAPACITACIÓN
|9 729
|
| 650 |
1 |
4 |
|a DOCENTES
|9 331
|
| 942 |
|
|
|i 002364
|h 06.02.01 2001
|2 z
|c 04
|